Question folle sur GOT - Statistiques

Statistiques générales
  • Ce quiz a été pris 202 fois
  • Le résultat moyen est 7 sur 17
Statistiques - réponses
Hint Réponse % Correct
De quelle couleur est la jument que Khal Drogo offre à Daenerys ? Blanche
82%
Quel est le surnom de Lord Baelish ? LittleFinger
82%
Quel est le vrai nom de Jon Snow Aegon Targaryen
64%
Quel personnage c'était marié dans sa jeunesse avec une prostitué ? Tyrion Lannister
58%
Combien de bâtards voyons nous dans la série ? 9
57%
Qui a tué la première personne ? Ned Stark
55%
Quel est le symbole de la maison Tully ? Poisson
49%
Quel personnage a poignardé son père ? Ramsay Bolton
46%
Quel est la première personne que Arya tue en revenant à Westeros ? Walder Frey
38%
Combien de bâtard à engendrer Robert Baratheon ? 16
34%
Quel personnage s'est fait mutiler par un magicien ? Varys
32%
De quelle île vient Missandeï ? Île de Nath
25%
Que tenait Shireen Baratheon dans sa main lorsqu'elle à été brûlée vive ? Cerf en bois
21%
Quel est le nom de la baie que Daenerys libère ? Baie des Serfs
10%
Quel personnage à pour belle-soeur sa belle-fille ? Lyanna Stark
10%
Comment est mort Oberyn Martell ? Crâne écrasé
8%
À quel épisode est mort Shae ? Épisode 10 saison 4
6%
Aucun quiz correspondant
Distribution des résultats
% des personnes avec chaque résultat
Percentile par nombre de réponses
Votre historique - résultats
Vous n’avez pas pris ce quiz